|
|
|
|
| LEADER |
00710nab a2200181 i 4500 |
| 001 |
acta3209 |
| 005 |
20210603131951.0 |
| 008 |
161015s1980 hu o 0|| eng d |
| 022 |
|
|
|a 0324-5268
|
| 040 |
|
|
|a SZTE Egyetemi Kiadványok Repozitórium
|b hun
|
| 041 |
|
|
|a eng
|
| 100 |
1 |
|
|a Mészáros Rezső
|
| 245 |
1 |
0 |
|a Some characteristic features of the territorial connections of agricultural co-operatives in the Southern Hungarian Plain
|h [elektronikus dokumentum] /
|c Mészáros Rezső
|
| 260 |
|
|
|c 1980
|
| 300 |
|
|
|a 137-146
|
| 490 |
0 |
|
|a Acta Universitatis Szegediensis : acta geographica
|v 20
|
| 695 |
|
|
|a Földrajztudomány
|
| 856 |
4 |
0 |
|u http://acta.bibl.u-szeged.hu/3209/1/geographica_020_137-146.pdf
|z Dokumentum-elérés
|